000 00199nam a2200097Ia 4500
008 190216s9999||||xx |||||||||||||| ||und||
100 _aMoughan
245 0 _aKathaleena
260 _bNull
942 _cBK
999 _c12243
_d12243